Abnormal psychology and modern life / (Record no. 6734)

MARC details
000 -LEADER
fixed length control field 00954cam a22002652 4500
001 - CONTROL NUMBER
control field 0000004933
005 - DATE AND TIME OF LATEST TRANSACTION
control field 20151217151946.0
008 - FIXED-LENGTH DATA ELEMENTS--GENERAL INFORMATION
fixed length control field 070604s xx 000 0 eng d
020 ## - INTERNATIONAL STANDARD BOOK NUMBER
International Standard Book Number 0321034309 :
040 ## - CATALOGING SOURCE
Original cataloging agency KABU
Transcribing agency KABU
050 #0 - LIBRARY OF CONGRESS CALL NUMBER
Classification number RC454
Item number .C37 2000
100 1# - MAIN ENTRY--PERSONAL NAME
Personal name Carson, Robert C.,
Dates associated with a name 1930-.
-- 0000155907
245 10 - TITLE STATEMENT
Title Abnormal psychology and modern life /
Statement of responsibility, etc. Robert C. Carson, James N. Butcher, Susan Mineka.
250 ## - EDITION STATEMENT
Edition statement 11th ed.
260 ## - PUBLICATION, DISTRIBUTION, ETC. (IMPRINT)
Place of publication, distribution, etc. Boston, Mass :
Name of publisher, distributor, etc. Allyn & Bacon,
Date of publication, distribution, etc. c2000.
300 ## - PHYSICAL DESCRIPTION
Extent 1 v. (various pagings) :
Other physical details ill. (some col. ;
Dimensions c 29 cm +
Accompanying material 1 computer laser oprical disc (4 3/4 in.)
504 ## - BIBLIOGRAPHY, ETC. NOTE
Bibliography, etc Includes bibliographical references and index.
650 #0 - SUBJECT ADDED ENTRY--TOPICAL TERM
Topical term or geographic name as entry element Psychiatry.
-- 0000155757
650 #0 - SUBJECT ADDED ENTRY--TOPICAL TERM
Topical term or geographic name as entry element Psychology, Pathological.
-- 0000155908
700 1# - ADDED ENTRY--PERSONAL NAME
Personal name Butcher, James Neal.
-- 0000155909
700 1# - ADDED ENTRY--PERSONAL NAME
Personal name Mineka, Susan.
-- 0000155910
908 ## - PUT COMMAND PARAMETER (RLIN)
Put command parameter 070604
950 ## - LOCAL HOLDINGS (RLIN)
-- 1
Holdings
Withdrawn status Lost status Source of classification or shelving scheme Not for loan Home library Current library Date acquired Total Checkouts Full call number Barcode Date last seen Date last checked out Price effective from Koha item type
    Library of Congress Classification   Kabarak, Main Campus Kabarak, Main Campus 17/12/2015 4 RC454 .C37 2000 006706 04/03/2021 09/02/2021 17/12/2015 General Collection
Designed with assistance from East African Informatics Ltd